LDR 00848naa#a2200157#i#450# 001 RU\\bibl\19784 005 20260602233632.2 100 ## _a20260601b2026####ek#y0rusy0150####ca 102 ## _aRU 200 1# _aМНОГОМЕРНАЯ ОЦЕНКА ЭФФЕКТИВНОСТИ СЕЛЬСКОХОЗЯЙСТВЕННОГО ЗЕМЛЕПОЛЬЗОВАНИЯ В РАЗЛИЧНЫХ АГРОКЛИМАТИЧЕСКИХ ЗОНАХ РОССИИ _eСтатья/тезисы конференции 210 1# _aВоронеж _cВоронежский государственный лесотехнический университет имени Г.Ф. Морозова _d2026 215 ## _a10 с. 608 ## _aСтатья/тезисы конференции _2local 675 ## _aЗемлепользование. 332.3 _z 700 #1 _aСуховерхов _gО. С. 856 4# _abibl.vgltu.ru _u